| 000 | 01134nam a22002657a 4500 | ||
|---|---|---|---|
| 005 | 20170124102933.0 | ||
| 010 | _aA-955349 | ||
| 020 | _c300.00 | ||
| 035 | _aA-955349 | ||
| 037 | _bCen Lib/Ret | ||
| 040 |
_aDPL _bHN |
||
| 082 |
_a821.08 _bचौधरी |
||
| 100 |
_aचौधरी ,दीनानाथ _945692 |
||
| 245 |
_aविद्यापति पदावली में बिम्ब विधान / _cदीनानाथ चौधरी |
||
| 246 |
_aVidyapati Padavali Mein Bimb Vidhan _bby Deenanath Choudhary |
||
| 260 |
_aनई दिल्ली _bनमन प्रकाशन _c1999 |
||
| 270 |
_a4378/4B, अंसारी रोड दरिया गंज _bनई दिल्ली _e110002 |
||
| 300 |
_a234पृष्ठ. _c20सेमी (सजिल्द ) |
||
| 650 |
_aहिंदी साहित्य _945693 |
||
| 650 |
_aविद्यापति का काव्य _94432 |
||
| 650 |
_aHindi literature _945694 |
||
| 650 |
_aVidyapati 's poetry _945695 |
||
| 700 | _9210 | ||
| 942 |
_2ddc _cHN _h821.08 _mविद्याप |
||
| 999 |
_c112061 _d112061 |
||